<The> Evolution in Holiday Travel Facilities and in the Flow of Tourism Inside and Outside the European Community 1993

Na minha lista:
Detalhes bibliográficos
Formato: Livro
Idioma:inglês
Publicado em: Brussels ECSC 1994
Edição:1. ed.
Assuntos:
Tags: Adicionar Tag
Sem tags, seja o primeiro a adicionar uma tag!

MARC

LEADER 00000nam a2200000 4500
001 c004917
005 20221205140507.9
020 |a 92-826-6561-5 
041 0 |a eng 
044 |a BE 
245 1 0 |a <The> Evolution in Holiday Travel Facilities and in the Flow of Tourism Inside and Outside the European Community 1993 
250 |a 1. ed. 
264 1 |a Brussels  |b ECSC  |c 1994 
300 |a 42 s. 
610 2 0 |a Európske spoločenstvá 
610 2 0 |a turistika 
610 2 0 |a ruch cestovný domáci 
610 2 0 |a ruch cestovný zahraničný